00884nam a2200241Ia 4500001000600000003000900006008004100015040001300056040001300069041001300082100003000095100002900125245008500154245005300239250001100292260001400303260001000317260004900327300005900376500014000435650003600575650003100611D4026IT-RoPAU130308s9999 xx 000 0 und d aIT-RoPAU cIT-RoPAU aSPAGNOLO aDe Aguilera Moyano Miguel gCodice Aut. SPICS: 30806 aDe la autarquia a la democracia: la radio espanola en los anos sesenta y setenta bHistoria de los medios de comunicacion En Espana a1a ed. aBARCELONA bAriel c1989 [1° Ed.:1989 - Ed.Ling.Originale:1989] a"15 p. (prefazione: no ; testo: 15 [pagine: 289-303])" aDall'Autarchia Alla Democrazia: Radio spagnola Negli Anni 60 e 70. Razionalizzazione Controllata. Istaurazione della Radio Democratica. aSTORIA NAZIONALE DEI MASS MEDIA eCodice materia Spics: 6109